Religiosaity across life span (Record no. 19107)
[ view plain ]
| 000 -LEADER | |
|---|---|
| fixed length control field | 00361nam a2200145Ia 4500 |
| 082 ## - DEWEY DECIMAL CLASSIFICATION NUMBER | |
| Classification number | RR0239 |
| 100 ## - MAIN ENTRY--AUTHOR NAME | |
| Personal name | Ramana Reddy, I.V. |
| 245 #0 - TITLE STATEMENT | |
| Title | Religiosaity across life span |
| 260 ## - PUBLICATION, DISTRIBUTION, ETC. (IMPRINT) | |
| Year of publication | 2005 |
| 504 ## - BIBLIOGRAPHY, ETC. NOTE | |
| Bibliography, etc | ICSSR Research Project Report |
| 650 ## - SUBJECT ADDED ENTRY--TOPICAL TERM | |
| Topical Term | RELIGIOUSNESS |
| 650 ## - SUBJECT ADDED ENTRY--TOPICAL TERM | |
| Topical Term | CONCEPTION - RELIGIOUS ASPECTS |
| 700 ## - ADDED ENTRY--PERSONAL NAME | |
| Personal name | Govinda Reddy, B. |
| 942 ## - ADDED ENTRY ELEMENTS (KOHA) | |
| Koha item type | Research Reports |
| Source of classification or shelving scheme | Dewey Decimal Classification |
| Withdrawn status | Lost status | Damaged status | Not for loan | Collection code | Home library | Current library | Date acquired | Bill Date | Full call number | Accession Number | Price effective from | Koha item type |
|---|---|---|---|---|---|---|---|---|---|---|---|---|
| Major Research Project Reports | NASSDOC Library | NASSDOC Library | 31/12/1899 | 2007-06-07 | RR0239 | 43616 | 18/04/2019 | Research Reports |
